000 00456nam a2200193Ia 4500
005 20250425161329.0
008 250425s9999 xx 000 0 und d
020 _a0070255369
041 _aeng
082 _a658.404
100 _aHAJEK, VICTOR G.
245 0 _aMANAGEMENT OF ENGINEERING PROJECTS
250 _a1ST ED.
260 _aEstados Unidos
_bMCGRAW - HILL
_c1984
260 _aNEW YORK
300 _a254
942 _c01
010 _a17898
999 _c207066
_d207066